Famous Faces by Andy Warhol Quiz Stats

 Plays Quiz Updated Sep 5, 2012

Challenge
Share
Tweet
Score 0/40 Timer 08:00
0 Plays Today
Row Famous Face % Correct
Row 2 AcrossMichael Jackson
99%
Row 3 AcrossMona Lisa
98.2%
Row 1 AcrossMarilyn Monroe
97.6%
Row 4 AcrossJohn Lennon
94.8%
Row 2 AcrossQueen Elizabeth ll
90.5%
Row 4 AcrossAlbert Einstein
89.4%
Row 3 AcrossElvis Presley
87.3%
Row 3 AcrossAudrey Hepburn
80.2%
Row 5 AcrossJohn Wayne
75.4%
Row 1 AcrossRonald Reagan
74.8%
Row 4 AcrossJackie Kennedy
74.2%
Row 3 AcrossRichard Nixon
73.9%
Row 1 AcrossMuhammad Ali
73.6%
Row 4 AcrossJames Dean
72.1%
Row 1 AcrossMao Tse Tung
68.5%
Row 2 AcrossSylvester Stallone
65.8%
Row 1 AcrossMick Jagger
65.6%
Row 2 AcrossLudwig van Beethoven
61.2%
Row 1 AcrossElizabeth Taylor
57.6%
Row 2 AcrossAlfred Hitchcock
56.8%
Row Famous Face % Correct
Row 4 AcrossChe Guevara
55.7%
Row 5 AcrossLiza Minnelli
55.5%
Row 3 AcrossAndy Warhol
51.9%
Row 5 AcrossJimmy Carter
51.8%
Row 1 AcrossTwiggy
51.6%
Row 5 AcrossEdwin 'Buzz' Aldrin Jr.
50.7%
Row 3 AcrossJudy Garland
49.2%
Row 5 AcrossPete Rose
48%
Row 2 AcrossDebbie Harry
46.4%
Row 4 AcrossSitting Bull
46.3%
Row 3 AcrossSigmund Freud
43.3%
Row 3 AcrossTeddy Roosevelt
42.7%
Row 5 AcrossVladimir Lenin
40.6%
Row 4 AcrossGeorge Custer
37.8%
Row 1 AcrossGrace Kelly
35.7%
Row 4 AcrossGeronimo
31.3%
Row 2 AcrossIngrid Bergman
22.7%
Row 5 AcrossJane Fonda
22.3%
Row 2 AcrossTruman Capote
18%
Row 5 AcrossAlexander the Great
14.9%

You're not logged in!

Compare scores with friends on all Sporcle quizzes.
Join for Free
OR
Log In

You Might Also Like...

Show Comments

Extras

Top Quizzes Today


Score Distribution

Your Account Isn't Verified!

In order to create a playlist on Sporcle, you need to verify the email address you used during registration. Go to your Sporcle Settings to finish the process.

Report this User

Report this user for behavior that violates our Community Guidelines.

Details: